LEADER 03146nam 2200673Ia 450 001 9910458974403321 005 20210423183909.0 010 $a1-283-27810-3 010 $a9786613278104 010 $a0-520-94944-7 024 7 $a10.1525/9780520949447 035 $a(CKB)2560000000060254 035 $a(EBL)656673 035 $a(OCoLC)707067666 035 $a(SSID)ssj0000472706 035 $a(PQKBManifestationID)11299796 035 $a(PQKBTitleCode)TC0000472706 035 $a(PQKBWorkID)10453302 035 $a(PQKB)10646186 035 $a(StDuBDS)EDZ0000056106 035 $a(MiAaPQ)EBC656673 035 $a(DE-B1597)520076 035 $a(OCoLC)707095165 035 $a(DE-B1597)9780520949447 035 $a(Au-PeEL)EBL656673 035 $a(CaPaEBR)ebr10448580 035 $a(CaONFJC)MIL327810 035 $a(EXLCZ)992560000000060254 100 $a20100929d2011 uy 0 101 0 $aeng 135 $aur||||||||||| 181 $ctxt 182 $cc 183 $acr 200 10$aReproducing race$b[electronic resource] $ean ethnography of pregnancy as a site of racialization /$fKhiara M. Bridges 210 $aBerkeley $cUniversity of California Press$dc2011 215 $a1 online resource (307 p.) 300 $aDescription based upon print version of record. 311 $a0-520-26895-4 311 $a0-520-26894-6 320 $aIncludes bibliographical references and index. 327 $tFront matter --$tContents --$tAcknowledgments --$tIntroduction --$tPart One. Class --$tPart Two. Race --$tEpilogue --$tNotes --$tBibliography --$tIndex 330 $aReproducing Race, an ethnography of pregnancy and birth at a large New York City public hospital, explores the role of race in the medical setting. Khiara M. Bridges investigates how race-commonly seen as biological in the medical world-is socially constructed among women dependent on the public healthcare system for prenatal care and childbirth. Bridges argues that race carries powerful material consequences for these women even when it is not explicitly named, showing how they are marginalized by the practices and assumptions of the clinic staff. Deftly weaving ethnographic evidence into broader discussions of Medicaid and racial disparities in infant and maternal mortality, Bridges shines new light on the politics of healthcare for the poor, demonstrating how the "medicalization" of social problems reproduces racial stereotypes and governs the bodies of poor women of color. 606 $aHospitals$xMaternity services$zNew York (State)$zNew York 606 $aDiscrimination in medical care$zNew York (State)$zNew York 606 $aMinorities$xMedical care$zNew York (State)$zNew York 608 $aElectronic books. 615 0$aHospitals$xMaternity services 615 0$aDiscrimination in medical care 615 0$aMinorities$xMedical care 676 $a362.19/82009747 700 $aBridges$b Khiara M$01049411 801 0$bMiAaPQ 801 1$bMiAaPQ 801 2$bMiAaPQ 906 $aBOOK 912 $a9910458974403321 996 $aReproducing race$92478387 997 $aUNINA LEADER 02968nam 2200445 n 450 001 996385639703316 005 20200818214321.0 035 $a(CKB)4940000000071628 035 $a(EEBO)2240882769 035 $a(UnM)99836067e 035 $a(UnM)99836067 035 $a(EXLCZ)994940000000071628 100 $a19900824d1624 uy | 101 0 $aeng 135 $aurbn||||a|bb| 200 12$aA true relation of the vniust, cruell, and barbarous proceedings against the English at Amboyna in the East-Indies, by the Neatherlandish gouernour and councel there$b[electronic resource] $eAlso the copie of a pamphlet, set forth first in Dutch and then in English, by some Neatherlander; falsly entituled, A true declaration of the newes that came out of the East-Indies, with the pinace called the Hare, which arriued at Texel in Iune, 1624. Together with an answer to the same pamphlet. By the English East-India companie. Published by authoritie 210 $aLondon $cPrinted by H. Lownes for Nathanael Newberry$d1624 215 $a[12], 30, [2], 31-38, [2], 20, [2], 34 p. $cill 300 $aSometimes attributed to Dudley Digges, but the first and possibly the third parts were written by Sir John Skinner (STC). 300 $aThe second part, of which no separate published version is known to survive, was translated by John Wing (STC). 300 $aTitle page in red and black. 300 $aLeaf A2 is a cancel; A2v line 3 has "onely offering to the Manes". Variant: A2 is the cancellandum, with A2v line 3 "only sacrificing to the Manes". 300 $aLeaf E3 is cancelled by a bifolium in all known copies. The first leaf has a list of the Portuguese and Japanese men executed; the second leaf has an illustration of six men and is occasionally bound as a frontispiece. 300 $a"A true declaration of the news that came out of the East-Indies, with the pinace called the Hare, which arriued in Texel, in Iune, 1624" and "The ansvver vnto the Dutch pamphlet, made in defence of the vniust and barbarous proceedings against the English at Amboyna in the East-Indies, by the Hollanders there" each has separate dated title page and pagination; register is continuous. 300 $aThe first leaf is blank. 300 $aReproduction of the original in the British Library. 330 $aeebo-0018 607 $aAmbon (Indonesia)$xHistory$xMassacre, 1624$vEarly works to 1800 700 $aSkinner$b John$cSir,$ffl. 1624.$01005215 701 $aDigges$b Dudley$cSir,$f1583-1639.$0322301 701 $aWing$b John$cof Flushing, Zealand.$01004718 712 02$aEast India Company. 801 0$bCu-RivES 801 1$bCu-RivES 801 2$bCStRLIN 801 2$bWaOLN 906 $aBOOK 912 $a996385639703316 996 $aA true relation of the vniust, cruell, and barbarous proceedings against the English at Amboyna in the East-Indies, by the Neatherlandish gouernour and councel there$92310617 997 $aUNISA